<?xml version="1.0" encoding="UTF-8"?>
<collection xmlns="http://www.loc.gov/MARC21/slim">
 <record>
  <leader>01231nam a2200169Ia 4500</leader>
  <controlfield tag="001">CTU_18263</controlfield>
  <controlfield tag="008">210402s9999    xx            000 0 und d</controlfield>
  <datafield tag="082" ind1=" " ind2=" ">
   <subfield code="a">203.21</subfield>
  </datafield>
  <datafield tag="082" ind1=" " ind2=" ">
   <subfield code="b">G337</subfield>
  </datafield>
  <datafield tag="245" ind1=" " ind2="4">
   <subfield code="a">The dictionary of Bible and Religion</subfield>
  </datafield>
  <datafield tag="260" ind1=" " ind2=" ">
   <subfield code="a">Nashville, Tennessee</subfield>
  </datafield>
  <datafield tag="260" ind1=" " ind2=" ">
   <subfield code="b">Abingdon Press</subfield>
  </datafield>
  <datafield tag="260" ind1=" " ind2=" ">
   <subfield code="c">1986</subfield>
  </datafield>
  <datafield tag="520" ind1=" " ind2=" ">
   <subfield code="a">The book contains more than 880,000 words covering more than 2,800 subjects, names, and places of the Bible and related religious topics. It also describes clearly biblical places, people, and events, leading religious figures, great hymnwriters, missionaries, contemporary religious movements, Jewish beliefs, famous popes, Christian doctrines, religious beliefs throughout history, and major religious groups of the middle East. Complementing the rich book are a host of visual aids and added features, including: 65 color maps of Bible lands, 30 black-and-white line drawings, 28 black-and-white maps, 11 charts and tables, an extensive system of cross-references to articles on related subjects, a &quot;For Further Study&quot; section</subfield>
  </datafield>
  <datafield tag="650" ind1=" " ind2=" ">
   <subfield code="a">bible - dictionaries,religions - dictionaries,theology - dictionaries</subfield>
  </datafield>
  <datafield tag="904" ind1=" " ind2=" ">
   <subfield code="i">Minh, 970821</subfield>
  </datafield>
  <datafield tag="980" ind1=" " ind2=" ">
   <subfield code="a">Trung tâm Học liệu Trường Đại học Cần Thơ</subfield>
  </datafield>
 </record>
</collection>
